000 00485nam a22001697a 4500
005 20251108165404.0
008 250721s1999 xx 000 0 ara d
082 1 4 _a657.48/بشا
100 1 _aالبثاوي، مصطفى نجم
245 1 0 _aالمحاسبة المالية /
264 1 _aالخرطوم :
_bجامعة السودان،
_c1999.
300 _a107ص
650 1 7 _aالسجلات المالية
650 1 7 _aالمحاسبة
942 _2ddc
_cBK
999 _c26728
_d26728